Presupuestos : (Registro nro. 18673)
[ vista simple ]
| 000 -LEADER | |
|---|---|
| fixed length control field | 00761cam a2200241 i 4500 |
| 001 - CONTROL NUMBER | |
| control field | 18673 |
| 003 - CONTROL NUMBER IDENTIFIER | |
| control field | Mx-PuUPA |
| 005 - DATE AND TIME OF LATEST TRANSACTION | |
| control field | 20250703073416.0 |
| 008 - FIXED-LENGTH DATA ELEMENTS--GENERAL INFORMATION | |
| fixed length control field | 140415s1995 ck d gr 000 0 spa d |
| 020 ## - INTERNATIONAL STANDARD BOOK NUMBER | |
| International Standard Book Number | 9586004473 |
| 041 0# - LANGUAGE CODE | |
| Language code of text/sound track or separate title | spa |
| 040 ## - CATALOGING SOURCE | |
| Original cataloging agency | Mx-PuUPA |
| Language of cataloging | spa |
| Transcribing agency | Mx-PuUPA |
| Modifying agency | Mx-PuUPA |
| Description conventions | rda |
| 100 1# - MAIN ENTRY--PERSONAL NAME | |
| Personal name | Burbano Ruíz, Jorge E., |
| Relator term | autor |
| 245 10 - TITLE STATEMENT | |
| Title | Presupuestos : |
| Remainder of title | enfoque moderno / |
| Statement of responsibility, etc. | Jorge E. Burgano Ruíz, Alberto Ortiz Gómez |
| 250 ## - EDITION STATEMENT | |
| Edition statement | Segunda edición |
| 264 #4 - PRODUCTION, PUBLICATION, DISTRIBUTION, MANUFACTURE, AND COPYRIGHT NOTICE | |
| Place of production, publication, distribution, manufacture | Santa Fe de Bogotá : |
| Name of producer, publisher, distributor, manufacturer | McGraw-Hill, |
| Date of production, publication, distribution, manufacture, or copyright notice | 1995 |
| 300 ## - PHYSICAL DESCRIPTION | |
| Extent | xi, 376 páginas : gráficas, diagramas ; 24 cm |
| 650 #7 - SUBJECT ADDED ENTRY--TOPICAL TERM | |
| Source of heading or term | armarc |
| Topical term or geographic name entry element | Presupuesto |
| 650 #7 - SUBJECT ADDED ENTRY--TOPICAL TERM | |
| Source of heading or term | armarc |
| Topical term or geographic name entry element | Presupuesto de capital |
| 700 1# - ADDED ENTRY--PERSONAL NAME | |
| Personal name | Ortiz, Gómez, Alberto, |
| Relator term | autor |
| Withdrawn status | Lost status | Source of classification or shelving scheme | Damaged status | Not for loan | Collection code | Home library | Current library | Shelving location | Date acquired | Source of acquisition | Total Checkouts | Full call number | Barcode | Date last seen | Date last checked out | Price effective from | Koha item type | Total Renewals |
|---|---|---|---|---|---|---|---|---|---|---|---|---|---|---|---|---|---|---|
| Dewey Decimal Classification | General | Biblioteca Karol Wojtyla | Biblioteca Karol Wojtyla | Sala general | 03/12/2013 | Compra | 1 | 658.154 BUR | 38015 | 05/01/2026 | 27/04/2019 | 03/12/2013 | Libro | |||||
| Dewey Decimal Classification | General | Biblioteca Karol Wojtyla | Biblioteca Karol Wojtyla | Sala general | 03/12/2013 | Compra | 2 | 658.154 B45 1995 | 39228 | 05/01/2026 | 31/05/2022 | 03/12/2013 | Libro | 1 |